LEADER 01243nas a2200169 i 4500 001 000000032813 003 CaOOAMICUS 005 20180830125450.0 008 180830s1849 it u0 ita u 040 $aSeMil$bita 245 10$aTesoro cattolico. Classe 1., Dogmatica, polemica e filosofia morale :$bscelta di opere antiche e moderne atte a sanar le piaghe religiose e politiche che affliggono l'odierna società. 260 $aNapoli :$bA spese della Società Editrice,$c1849. 300 $av. ;$c25 cm. 774 0 $aGaume, Joseph <1802-1879>$tCatechismo di perseveranza, ovvero Esposizione storica, dogmatica, morale e liturgica della religione dall'origine del mondo fino ai nostri giorni.$bVersione italiana sulla 4. ed. parigina aumentata di note sulla geologia.$dNapoli : A spese della Società Editrice, 1850-1851.$w()32812 774 0 $tRaccolta di pie letture.$dNapoli : a spese della Società Editrice, 1850.$w()32814 996 $6245$aTesoro cattolico. Classe 1., Dogmatica, polemica e filosofia morale :$bscelta di opere antiche e moderne atte a sanar le piaghe religiose e politiche che affliggono l'odierna società$9(OLS)http://semarc/title/44423 996 $6260$aNapoli :$bA spese della Società Editrice$9(OLS)http://semarc/publisher/34411 LEADER 01446nam a2200313 i 4500 001 000000080139 003 CaOOAMICUS 005 20170403000000.0 008 170403s1989 it u000 u ita u 013 $a52377 020 $a88-311-3403-5 040 $aSeMil$bita 100 1 $aSanti, Giorgio.$0(OLS)http://semarc/name/16164 245 10$aDio e l'uomo :$bconoscenza, memoria, linguaggio, ermeneutica in Agostino /$cGiorgio Santi. 260 $aRoma :$bNuova Biblioteca Agostiniana,$c1989. 260 $aRoma :$bCittà Nuova,$c1989. 300 $a151 p. ;$c20 cm. 490 0 $aStudi agostiniani ;$v3 600 04$aAgostino, Aurelio .$0(OLS)http://semarc/subject/1856 650 4$aAgostino, Aurelio - Pensiero filosofico.$0(OLS)http://semarc/subject/39 650 4$aGnoseologia filosofica.$0(OLS)http://semarc/subject/5462 830 0$aStudi agostiniani ;$v3.$0(OLS)http://semarc/title/8502 850 $aSeMil 852 $aSeMil$W1$xVenegono$y1$m2T VII 3$j45706$B45706$CSeMilBibl$Z2$F47736 $81 961 $aOmaggio: Seminario di Seveso 996 $6020$a88-311-3403-5$9(OLS)http://semarc/number/3025 996 $6245$aDio e l'uomo :$bconoscenza, memoria, linguaggio, ermeneutica in Agostino$9(OLS)http://semarc/title/47647 996 $6260$aRoma :$bCittà Nuova$9(OLS)http://semarc/publisher/29609 996 $6260$aRoma :$bNuova Biblioteca Agostiniana$9(OLS)http://semarc/publisher/29877